Представление документа в формате RUSMARC

ПолеНазваниеЗначение
  Тип записи a
  Библиографический уровень m
001 Контрольный номер RU/SLIB/B/208701752
005 Дата корректировки 20260203114922.7
010 Индекс ISBN __
d Цена 64-35
101 Язык документа 1_
a Язык текста rus
c Язык оригинала fre
200 Заглавие и сведения об ответственности 1_
a Заглавие Фигуры
e Сведения, относящиеся к заглавию [работы по поэтике] : в 2 т.
f Первые сведения об ответственности пер. с фр. Е. Васильевой и др. ; общ. ред. и вступ. ст. С. Зенкина
b Общее обозначение материала Текст
h Номер части Т. 2
210 Выходные данные 1_
a Место издания М.
c Издательство Изд-во им. Сабашниковых
d Дата издания 1998
215 Физическое описание __
a Объем 472 с.
606 Тематические рубрики __
a Основная рубрика Литературоведение
2 Код системы nlr_sh
606 Тематические рубрики __
a Основная рубрика Теория литературы
2 Код системы nlr_sh
610 Ключевые слова 0_
a Ключевые слова поэтика; литературоведческие исследования; теория литературы
686 Индексы других классификаций __
2 Код системы rubbks
a Классификационный индекс 83.01
700 Автор _1
a Фамилия Женетт
b Имя Ж.
4 Код отношения 070
702 Вторичная интеллектуальная ответственность _1
a Фамилия Васильева.
b Имя Е.
4 Код отношения Переводчик
4 Код отношения 730
702 Вторичная интеллектуальная ответственность _1
a Фамилия Зенкин
b Имя С.
4 Код отношения Редактор
4 Код отношения 340
4 Код отношения 080
801 Источник записи _0
a Страна RU
b Организация Муниципальное бюджетное учреждение культуры "Централизованная библиотечная система" г. Сургут (Центральная городская библиотека им. А. С. Пушкина)
g Правила каталогизации PSBO
801 Источник записи _1
a Страна RU
b Организация Муниципальное бюджетное учреждение культуры "Централизованная библиотечная система" г. Сургут (Центральная городская библиотека им. А. С. Пушкина)
g Правила каталогизации PSBO
852 Данные о местонахождении __
j Шифр хранения 83.01
c Каталожный индекс 83
i Авторский знак Ж 54
p Инвентарный номер 71078
901 Тип документа __
t Тип документа m
a Ответственный КиК/Котельникова
903 Характеристики (МАРС) __
a Дата передачи 19990323
c Наименование библиотеки (МАРС) Муниципальное бюджетное учреждение культуры "Централизованная библиотечная система" г. Сургут (Центральная городская библиотека им. А. С. Пушкина)
990 Данные о заказе (DOS) 00
j Количество экземпляров (DOS) 2
t N записи в КСУ для И/У (DOS) 199901